Artes Plásticas : revista de la Escuela Nacional de Artes Plásticas : año 1, número 1-2, octubre 1984-enero 1985 /
Сохранить в:
| Другие авторы: | |
|---|---|
| Формат: | |
| Язык: | испанский |
| Опубликовано: |
México :
UNAM, Escuela Nacional de Artes Plásticas,
1984
|
| Метки: |
Нет меток, Требуется 1-ая метка записи!
|
MARC
| LEADER | 00000nam^a2200000^a^4500 | ||
|---|---|---|---|
| 001 | 000452752 | ||
| 005 | 20250526000000.0 | ||
| 009 | 20260310123845.236 | ||
| 037 | |a Acervo Xavier Clavigero | ||
| 041 | |a ESP | ||
| 091 | |a FCA. 04241 | ||
| 245 | 0 | 0 | |a Artes Plásticas : |b revista de la Escuela Nacional de Artes Plásticas : año 1, número 1-2, octubre 1984-enero 1985 / |
| 264 | 1 | |a México : |b UNAM, Escuela Nacional de Artes Plásticas, |c 1984 | |
| 300 | |a 100 p. ; |c 30.5 cm. | ||
| 336 | |a texto |b txt |2 rdacontenido | ||
| 337 | |a sin mediación |b n |2 rdamedio | ||
| 338 | |a volumen |b nc |2 rdasoporte | ||
| 649 | |a XX | ||
| 700 | |a Torres Michúa, Armando |e (dirección) | ||
| 910 | |a Fondo Xavier Cacho Vázquez S.J. | ||
| 920 | |a Impresos - Libros | ||
| 930 | |a Libros Antiguos y Raros | ||
| 905 | |a 108 | ||
| 901 | |a 0500379721 |b IT2 |c LRA |u 20250526 | ||
| 902 | |a https://opac.biblio.iteso.mx/vufind/Record/000452752 | ||